[Event "NAYCC U16"]
[Site "Montreal CAN"]
[Date "2010.08.16"]
[Round "1"]
[White "Li, Ruokai (David)"]
[Black "Kraiouchkine, Nikita"]
[Result "0-1"]
[WhiteElo "1597"]
[BlackElo "2324"]
[PlyCount "100"]
[EventDate "2010.08.16"]
[EventType "swiss"]
[EventRounds "7"]
[EventCountry "CAN"]

1. e4 e5 2. Nf3 Nc6 3. Bb5 f5 4. d3 Nf6 5. O-O fxe4 6. dxe4 Bc5 7. Bxc6 bxc6 8.
Nxe5 O-O 9. Qe2 Qe7 10. Nd3 Qxe4 11. Qxe4 Nxe4 12. Nxc5 Nxc5 13. Be3 Ne6 14.
Nc3 d6 15. h3 Rb8 16. b3 c5 17. Nd5 Bb7 18. Rad1 Rbe8 19. c4 Rf5 20. Nc3 Re5
21. Rd2 Rf8 22. Rfd1 Rff5 23. a3 g5 24. Nd5 Bxd5 25. Rxd5 Rxd5 26. Rxd5 Rxd5
27. cxd5 Nf4 28. Bxf4 gxf4 29. Kf1 Kf7 30. Ke2 Kf6 31. Kd3 Ke5 32. Kc4 Ke4 33.
a4 a6 34. h4 h5 35. g3 fxg3 36. fxg3 Kf3 37. b4 Kxg3 38. b5 a5 39. b6 cxb6 40.
Kb5 Kxh4 41. Kc6 c4 42. Kxd6 c3 43. Ke7 c2 44. d6 c1=Q 45. d7 Qc5+ 46. Ke8 Qe5+
47. Kf8 Qd6+ 48. Ke8 Qe6+ 49. Kd8 Kg5 50. Kc7 Qe7 0-1

[Event "NAYCC U16"]
[Site "Montreal CAN"]
[Date "2010.08.16"]
[Round "2"]
[White "Kraiouchkine, Nikita"]
[Black "Ng, Andrew"]
[Result "0-1"]
[WhiteElo "2324"]
[BlackElo "2200"]
[PlyCount "120"]
[EventDate "2010.08.16"]
[EventType "swiss"]
[EventRounds "7"]
[EventCountry "CAN"]

1. e4 c5 2. Nf3 d6 3. d4 cxd4 4. Nxd4 Nf6 5. Nc3 g6 6. Be3 Bg7 7. f3 O-O 8. Qd2
Nc6 9. O-O-O d5 10. Kb1 Nxd4 11. e5 Nf5 12. exf6 Bxf6 13. Nxd5 Qxd5 14. Qxd5
Nxe3 15. Qd2 Nxd1 16. Qxd1 Be6 17. Bd3 Rfd8 18. Qe1 a5 19. Qe3 Rd4 20. a3 Rad8
21. Rd1 b5 22. Kc1 R8d5 23. g3 b4 24. Be2 Rxd1+ 25. Bxd1 Bd4 26. Qf4 bxa3 27.
bxa3 Bc5 28. Qb8+ Kg7 29. Qb2+ Bd4 30. Qb3 Rd6 31. Qd3 Bf5 32. Qe2 Re6 33. Qc4
Be3+ 34. Kb2 Rb6+ 35. Kc3 Rd6 36. Qb5 Bg5 37. Be2 Bf6+ 38. Kb3 Be6+ 39. Bc4 a4+
40. Qxa4 Rb6+ 41. Qb4 Rxb4+ 42. axb4 Bxc4+ 43. Kxc4 Kf8 44. Kc5 Bc3 45. b5 Ke8
46. Kc6 Kd8 47. h3 Kc8 48. f4 Be1 49. g4 e6 50. c4 Bg3 51. f5 gxf5 52. gxf5
exf5 53. Kd5 Kc7 54. c5 f4 55. Ke4 Bf2 56. c6 Be3 57. h4 h5 58. Kf3 Kd6 59. Ke4
f5+ 60. Kf3 Bd2 0-1

[Event "NAYCC U16"]
[Site "Montreal CAN"]
[Date "2010.08.17"]
[Round "3"]
[White "Chiang, Michael"]
[Black "Kraiouchkine, Nikita"]
[Result "0-1"]
[WhiteElo "2085"]
[BlackElo "2324"]
[PlyCount "82"]
[EventDate "2010.08.16"]
[EventType "swiss"]
[EventRounds "7"]
[EventCountry "CAN"]

1. e4 e5 2. Nf3 Nc6 3. Bb5 f5 4. d3 fxe4 5. dxe4 Nf6 6. Qd3 Bc5 7. Bc4 d6 8.
Nc3 Nd4 9. Nxd4 Bxd4 10. Ne2 Bb6 11. O-O Qe7 12. Ng3 Be6 13. Nf5 Bxf5 14. exf5
O-O-O 15. Be6+ Kb8 16. a4 d5 17. a5 Bc5 18. Bg5 c6 19. Qe2 Bd6 20. c4 d4 21. b4
Bxb4 22. Qxe5+ Bd6 23. Qe2 d3 24. Qf3 Be5 25. Rab1 Qc7 26. g3 h6 27. Be3 Rhe8
28. c5 a6 29. Bc4 Ka7 30. Bd2 Rd4 31. Rb4 Nd5 32. Bxd5 Rxd5 33. Rfb1 Bd4 34.
Bf4 Qd7 35. Bd6 d2 36. Kg2 Bxc5 37. Rxb7+ Qxb7 38. Rxb7+ Kxb7 39. Qb3+ Ka8 40.
Qc4 Rxd6 41. Qf7 Red8 0-1

[Event "NAYCC U16"]
[Site "Montreal CAN"]
[Date "2010.08.17"]
[Round "4"]
[White "Kraiouchkine, Nikita"]
[Black "Finney, Stuart"]
[Result "1-0"]
[WhiteElo "2324"]
[BlackElo "2175"]
[PlyCount "39"]
[EventDate "2010.08.16"]
[EventType "swiss"]
[EventRounds "7"]
[EventCountry "CAN"]

1. e4 c5 2. Nf3 d6 3. d4 cxd4 4. Nxd4 Nf6 5. Nc3 a6 6. Bc4 e6 7. Bb3 b5 8. f4
Bb7 9. e5 dxe5 10. fxe5 Nd5 11. Qg4 h5 12. Nxe6 Qe7 13. Nxg7+ Kd8 14. Qd4 Bxg7
15. Bf4 Nd7 16. Bxd5 Bxd5 17. Qxd5 Rc8 18. O-O-O Ke8 19. Qb7 Rc4 20. Ne4 1-0

[Event "NAYCC U16"]
[Site "Montreal CAN"]
[Date "2010.08.18"]
[Round "5"]
[White "Xiong, Jerry"]
[Black "Kraiouchkine, Nikita"]
[Result "0-1"]
[WhiteElo "2306"]
[BlackElo "2324"]
[PlyCount "68"]
[EventDate "2010.08.16"]
[EventType "swiss"]
[EventRounds "7"]
[EventCountry "CAN"]

1. e4 e5 2. Nf3 Nc6 3. Bc4 Nf6 4. d3 Be7 5. O-O d6 6. Be3 O-O 7. c3 Na5 8. Bb3
Nxb3 9. axb3 c5 10. Nbd2 Ng4 11. h3 Nxe3 12. fxe3 f5 13. exf5 Bxf5 14. e4 Be6
15. Kh1 Bg5 16. Nxg5 Qxg5 17. Qe2 Qg3 18. c4 Rxf1+ 19. Rxf1 Rf8 20. Rxf8+ Kxf8
21. Qf3+ Qf4 22. Qxf4+ exf4 23. Kg1 Ke7 24. Kf2 Kf6 25. Ke2 g5 26. d4 cxd4 27.
Kd3 h5 28. Nf3 g4 29. hxg4 Bxg4 30. Nxd4 h4 31. Ne2 Ke5 32. Ng1 a5 33. Nh3 f3
34. gxf3 Bxh3 0-1

[Event "NAYCC U16"]
[Site "Montreal CAN"]
[Date "2010.08.18"]
[Round "6"]
[White "Kraiouchkine, Nikita"]
[Black "Calugar, Arthur"]
[Result "1/2-1/2"]
[WhiteElo "2324"]
[BlackElo "2399"]
[PlyCount "157"]
[EventDate "2010.08.16"]
[EventType "swiss"]
[EventRounds "7"]
[EventCountry "CAN"]

1. e4 c5 2. Nf3 Nc6 3. d4 cxd4 4. Nxd4 Nf6 5. Nc3 d6 6. Bg5 e6 7. Qd2 a6 8.
O-O-O Bd7 9. f4 b5 10. Qe1 Nxd4 11. Rxd4 Qb6 12. Qd2 b4 13. Nb1 a5 14. Bc4 h6
15. Bh4 Bc6 16. Re1 Qb7 17. e5 dxe5 18. Rxe5 Be7 19. f5 Nd7 20. Bxe7 Nxe5 21.
f6 Qb6 22. fxg7 Kxe7 23. gxh8=Q Rxh8 24. Bf1 Rc8 25. Qf2 Bd5 26. Nd2 Qc5 27.
Nb3 Bxb3 28. axb3 f6 29. Rf4 Qxf2 30. Rxf2 Rd8 31. Rf4 Kf7 32. c3 Rb8 33. Kc2
f5 34. Be2 Kf6 35. Rd4 Rb6 36. Rd8 Rc6 37. Kd2 Ke7 38. Rh8 Nf7 39. Ra8 Rc5 40.
Rb8 Ng5 41. cxb4 axb4 42. Rxb4 Ne4+ 43. Kd3 Rd5+ 44. Ke3 Kf6 45. Bf3 Rc5 46.
Bxe4 fxe4 47. Rxe4 Rc2 48. Rf4+ Ke5 49. Rf2 Rc1 50. Kd3 Kd5 51. Rf6 Rb1 52. Rf2
e5 53. Ke3 Re1+ 54. Re2 Rf1 55. Rd2+ Ke6 56. Rc2 Kd5 57. b4 Rf4 58. Rc5+ Kd6
59. Rb5 h5 60. g3 Rc4 61. Rb6+ Kd5 62. Rh6 Rxb4 63. Rxh5 Rb3+ 64. Ke2 Rxb2+ 65.
Kf3 Kd4 66. Rh4+ Kd5 67. Kg4 Rb4+ 68. Kf5 Rxh4 69. gxh4 e4 70. h5 e3 71. h6 e2
72. h7 e1=Q 73. h8=Q Qf2+ 74. Kg6 Qg2+ 75. Kf7 Qf3+ 76. Ke8 Qe3+ 77. Kf8 Qf3+
78. Kg8 Qg2+ 79. Kf7 1/2-1/2

[Event "NAYCC U16"]
[Site "Montreal CAN"]
[Date "2010.08.19"]
[Round "7"]
[White "Kraiouchkine, Nikita"]
[Black "Sapozhnikov, Roman"]
[Result "1-0"]
[WhiteElo "2324"]
[BlackElo "2416"]
[PlyCount "57"]
[EventDate "2010.08.16"]
[EventType "swiss"]
[EventRounds "7"]
[EventCountry "CAN"]

1. e4 c5 2. Nf3 d6 3. d4 cxd4 4. Nxd4 Nf6 5. Nc3 Nc6 6. Bg5 e6 7. Qd2 a6 8.
O-O-O Bd7 9. f4 b5 10. Qe1 Nxd4 11. Rxd4 Qb6 12. Qd2 Bc6 13. Bxf6 gxf6 14. Kb1
h5 15. Be2 Be7 16. f5 Qc5 17. Bf3 O-O-O 18. Rd1 Rdg8 19. Qe2 h4 20. Nd5 Bd8 21.
fxe6 fxe6 22. Nf4 Be7 23. Bg4 Bd7 24. Nxe6 Qe5 25. Rc4+ Kb8 26. Qe3 Bd8 27.
Nxd8 Rxd8 28. Qb6+ Ka8 29. Rc7 1-0

[Event "Quebec op inv."]
[Site "Montreal CAN"]
[Date "2010.07.27"]
[Round "5"]
[White "Sapozhnikov, Roman"]
[Black "Kraiouchkine, Nikita"]
[Result "1/2-1/2"]
[WhiteElo "2248"]
[BlackElo "2155"]
[PlyCount "65"]
[EventDate "2010.07.24"]
[EventType "swiss"]
[EventRounds "9"]
[EventCountry "CAN"]

1. e4 e5 2. Nf3 Nc6 3. d4 exd4 4. Nxd4 Nf6 5. Nxc6 bxc6 6. e5 Qe7 7. Qe2 Nd5 8.
c4 Nb6 9. Nc3 Ba6 10. b3 O-O-O 11. Bb2 Re8 12. O-O-O Qxe5 13. Qxe5 Rxe5 14. g3
d6 15. f4 Re8 16. Bg2 Bb7 17. Rhe1 Be7 18. Ne2 Bf6 19. Bxf6 gxf6 20. Nd4 c5 21.
Bxb7+ Kxb7 22. Nf5 Rxe1 23. Rxe1 d5 24. Re7 dxc4 25. Nd6+ Kc6 26. Nxc4 Nxc4 27.
bxc4 Rf8 28. Re1 Rb8 29. Kc2 Rb4 30. Kc3 Ra4 31. Kb3 Rb4+ 32. Kc3 Ra4 33. Kb3
1/2-1/2

[Event "Quebec op inv."]
[Site "Montreal CAN"]
[Date "2010.07.28"]
[Round "6"]
[White "Kraiouchkine, Nikita"]
[Black "Makka, Ioulia"]
[Result "0-1"]
[WhiteElo "2155"]
[BlackElo "2175"]
[PlyCount "102"]
[EventDate "2010.07.24"]
[EventType "swiss"]
[EventRounds "9"]
[EventCountry "CAN"]

1. e4 c6 2. d4 d5 3. Nc3 dxe4 4. Nxe4 Bf5 5. Ng3 Bg6 6. h4 h6 7. Nf3 Nd7 8. h5
Bh7 9. Bd3 Bxd3 10. Qxd3 e6 11. Bf4 Qa5+ 12. Bd2 Bb4 13. c3 Be7 14. c4 Qc7 15.
d5 cxd5 16. cxd5 Qd6 17. Qb3 Ngf6 18. dxe6 Qxe6+ 19. Qxe6 fxe6 20. Nd4 Kf7 21.
O-O-O Ne5 22. Bc3 Neg4 23. Rhe1 Nxf2 24. Rd2 Bd6 25. Ngf5 exf5 26. Nxf5 Bf4 27.
Re7+ Kf8 28. Rxb7 Bxd2+ 29. Bxd2 Nxh5 30. Bc3 Rh7 31. Bd4 Ng4 32. Bxa7 Nhf6 33.
a4 Rc8+ 34. Kb1 g6 35. Rxh7 Nxh7 36. Nd4 Ra8 37. Nb5 Nhf6 38. b4 Ke7 39. Kb2
Nd5 40. Kb3 Nge3 41. g3 Nf5 42. Bf2 h5 43. a5 Ke6 44. Na3 Nfe3 45. Ka4 Nd1 46.
Be1 Nb2+ 47. Kb3 Nd3 48. Bd2 Ne5 49. Nc4 Nf3 50. Bc1 Rb8 51. Ba3 Nd4+ 0-1

[Event "Quebec op inv."]
[Site "Montreal CAN"]
[Date "2010.07.29"]
[Round "7"]
[White "Calugar, Arthur"]
[Black "Kraiouchkine, Nikita"]
[Result "1-0"]
[WhiteElo "2144"]
[BlackElo "2155"]
[PlyCount "104"]
[EventDate "2010.07.24"]
[EventType "swiss"]
[EventRounds "9"]
[EventCountry "CAN"]

1. Nf3 d5 2. b3 Nf6 3. Bb2 Bg4 4. e3 Nbd7 5. Be2 e6 6. O-O Bd6 7. d4 Ne4 8.
Nbd2 f5 9. h3 h5 10. Ne5 Bxe2 11. Qxe2 Nxd2 12. Qxd2 Nxe5 13. dxe5 Be7 14. Qd3
Qd7 15. Rad1 c6 16. f3 O-O-O 17. Qe2 g5 18. e4 Bc5+ 19. Bd4 Bxd4+ 20. Rxd4 fxe4
21. fxe4 g4 22. h4 Qe7 23. g3 Qc5 24. Qe3 Rhf8 25. c3 Rxf1+ 26. Kxf1 Rf8+ 27.
Kg2 Rf3 28. Qh6 Rxg3+ 29. Kxg3 Qxc3+ 30. Kg2 Qxd4 31. Qxe6+ Kc7 32. Qd6+ Kb6
33. e6 Qxe4+ 34. Kf2 Qf3+ 35. Ke1 Qc3+ 36. Ke2 Qb2+ 37. Kd3 Qb1+ 38. Kc3 Qc1+
39. Kd3 Qd1+ 40. Kc3 d4+ 41. Kb2 Qd2+ 42. Ka3 a5 43. Qb8 g3 44. e7 Qb4+ 45. Kb2
Qxe7 46. Qxg3 Qe2+ 47. Ka3 Qd2 48. Qb8 Qb4+ 49. Kb2 a4 50. Qd8+ Ka7 51. Kc2
Qc3+ 52. Kd1 d3 1-0

[Event "Quebec op inv."]
[Site "Montreal CAN"]
[Date "2010.07.30"]
[Round "8"]
[White "Kraiouchkine, Nikita"]
[Black "Modwal, Sankalp"]
[Result "1-0"]
[WhiteElo "2155"]
[BlackElo "2177"]
[PlyCount "63"]
[EventDate "2010.07.24"]
[EventType "swiss"]
[EventRounds "9"]
[EventCountry "CAN"]

1. e4 c5 2. Nf3 d6 3. d4 cxd4 4. Nxd4 Nf6 5. Nc3 Nc6 6. Bg5 e6 7. Qd2 a6 8.
O-O-O Bd7 9. f4 b5 10. Qe1 Be7 11. e5 Nxd4 12. Rxd4 dxe5 13. fxe5 Nd5 14. Bxe7
Qxe7 15. Nxd5 exd5 16. Qg3 O-O 17. Bd3 b4 18. Qh4 Qxh4 19. Rxh4 g6 20. Rxb4
Rfe8 21. Re1 f6 22. e6 Bxe6 23. Rb6 Kf7 24. Bxa6 Rab8 25. Rc6 f5 26. c4 Bd7 27.
Rxe8 Kxe8 28. Rc5 d4 29. Bb5 Rb6 30. Re5+ Kd8 31. Rd5 Rb7 32. Rxd4 1-0

[Event "Quebec op inv."]
[Site "Montreal CAN"]
[Date "2010.07.31"]
[Round "9"]
[White "Barbeau, Sylvain"]
[Black "Kraiouchkine, Nikita"]
[Result "1/2-1/2"]
[WhiteElo "2337"]
[BlackElo "2155"]
[PlyCount "76"]
[EventDate "2010.07.24"]
[EventType "swiss"]
[EventRounds "9"]
[EventCountry "CAN"]

1. Nf3 d5 2. g3 Nf6 3. Bg2 c6 4. b3 Bg4 5. Bb2 Nbd7 6. d3 e6 7. O-O Bd6 8. c4
h5 9. Nbd2 h4 10. e4 hxg3 11. hxg3 dxe4 12. dxe4 Qa5 13. Re1 O-O-O 14. Qc2 Bb4
15. a3 Bxd2 16. Nxd2 Qh5 17. f3 Bh3 18. Nf1 Nc5 19. Re3 Bxg2 20. Qxg2 e5 21.
Rae1 Ne6 22. Bc1 Rd7 23. Qh2 Nd4 24. Qxh5 Nxh5 25. Rc3 g6 26. Kg2 f6 27. b4 Ng7
28. a4 Nge6 29. Be3 b6 30. Bg1 Rhd8 31. Bf2 Rh8 32. Be3 Kc7 33. Bc1 Kb7 34. Be3
a6 35. Kf2 Rdh7 36. Kg2 Rd7 37. Kf2 Rdh7 38. Kg2 Rd7 1/2-1/2

[Event "CYCC U16"]
[Site "Windsor CAN"]
[Date "2010.07.06"]
[Round "1"]
[White "Kraiouchkine, Nikita"]
[Black "Wu, Kevin"]
[Result "1/2-1/2"]
[WhiteElo "2278"]
[BlackElo "1964"]
[PlyCount "56"]
[EventDate "2010.07.06"]
[EventType "swiss"]
[EventRounds "7"]
[EventCountry "CAN"]

1. e4 c5 2. Nf3 d6 3. d4 cxd4 4. Nxd4 Nf6 5. Nc3 g6 6. Be3 Bg7 7. f3 a6 8. Qd2
b5 9. Bh6 Bxh6 10. Qxh6 b4 11. Nd5 Nxd5 12. exd5 Bb7 13. Bc4 Qc7 14. Qg7 Rf8
15. Bb3 Nd7 16. a3 bxa3 17. Rxa3 Qc5 18. Nc6 Bxc6 19. dxc6 Ne5 20. Ba4 Qb4+ 21.
Ke2 Qc4+ 22. Kf2 Qd4+ 23. Kg3 O-O-O 24. Qh6 g5 25. h3 Qf4+ 26. Kf2 Qd2+ 27. Kg3
Qf4+ 28. Kf2 Qd2+ 1/2-1/2

[Event "CYCC U16"]
[Site "Windsor CAN"]
[Date "2010.07.06"]
[Round "2"]
[White "Kleinman, Michael"]
[Black "Kraiouchkine, Nikita"]
[Result "1/2-1/2"]
[WhiteElo "2233"]
[BlackElo "2278"]
[PlyCount "30"]
[EventDate "2010.07.06"]
[EventType "swiss"]
[EventRounds "7"]
[EventCountry "CAN"]

1. e4 e5 2. Nf3 Nc6 3. Bb5 f5 4. Nc3 Nf6 5. exf5 e4 6. Nh4 Nd4 7. Be2 Be7 8. d3
d5 9. dxe4 dxe4 10. Be3 Nxf5 11. Qxd8+ Bxd8 12. Nxf5 Bxf5 13. h3 h5 14. O-O-O
c6 15. Bc4 Ba5 1/2-1/2

[Event "CYCC U16"]
[Site "Windsor CAN"]
[Date "2010.07.07"]
[Round "3"]
[White "Kraiouchkine, Nikita"]
[Black "Cunningham, Ross"]
[Result "1-0"]
[WhiteElo "2278"]
[BlackElo "1860"]
[PlyCount "57"]
[EventDate "2010.07.06"]
[EventType "swiss"]
[EventRounds "7"]
[EventCountry "CAN"]

1. e4 c5 2. Nf3 Nc6 3. d4 cxd4 4. Nxd4 Nf6 5. Nc3 e5 6. Ndb5 d6 7. Bg5 a6 8.
Na3 b5 9. Nd5 Be7 10. Bxf6 Bxf6 11. c3 O-O 12. Nc2 Be7 13. a4 bxa4 14. Rxa4 a5
15. Nce3 Be6 16. Bb5 Na7 17. Bc4 Re8 18. O-O Bd7 19. Ra2 Nc8 20. b4 Nb6 21.
bxa5 Nxd5 22. Nxd5 Be6 23. Bb5 Rf8 24. Bc6 Rc8 25. Qa4 Rc7 26. Nxc7 Bxa2 27.
Ne8 Be6 28. a6 Bd7 29. Bxd7 1-0

[Event "CYCC U16"]
[Site "Windsor CAN"]
[Date "2010.07.07"]
[Round "4"]
[White "Marinkovic, Mate"]
[Black "Kraiouchkine, Nikita"]
[Result "0-1"]
[WhiteElo "2225"]
[BlackElo "2278"]
[PlyCount "56"]
[EventDate "2010.07.06"]
[EventType "swiss"]
[EventRounds "7"]
[EventCountry "CAN"]

1. c4 e5 2. g3 Nc6 3. Bg2 g6 4. Nc3 Bg7 5. e4 Nge7 6. d3 O-O 7. Nge2 d6 8. O-O
f5 9. Nd5 h6 10. f3 g5 11. Rb1 Ng6 12. b3 Nce7 13. Bd2 c6 14. Nxe7+ Nxe7 15.
Qc1 Be6 16. f4 fxe4 17. dxe4 Bg4 18. Nc3 exf4 19. gxf4 gxf4 20. Bxf4 Ng6 21.
Bxh6 Rxf1+ 22. Bxf1 Be5 23. Bg5 Qd7 24. Qd2 Bf3 25. h3 Qg7 26. Nd1 Bxe4 27. Bd3
Bf4 28. Bxf4 Nxf4+ 0-1

[Event "CYCC U16"]
[Site "Windsor CAN"]
[Date "2010.07.08"]
[Round "5"]
[White "Kraiouchkine, Nikita"]
[Black "Sapozhnikov, Roman"]
[Result "0-1"]
[WhiteElo "2278"]
[BlackElo "2418"]
[PlyCount "174"]
[EventDate "2010.07.06"]
[EventType "swiss"]
[EventRounds "7"]
[EventCountry "CAN"]

1. e4 d5 2. exd5 Qxd5 3. Nc3 Qd6 4. d4 Nf6 5. Nf3 c6 6. Bc4 Bg4 7. Be3 Nbd7 8.
h3 Bh5 9. g4 Bg6 10. Nh4 Nd5 11. Nxd5 cxd5 12. Nxg6 hxg6 13. Bb3 e6 14. Qd3 Nb6
15. Qb5+ Qd7 16. Qxd7+ Kxd7 17. c3 Be7 18. f3 Bh4+ 19. Kf1 Rhc8 20. Bc2 Nc4 21.
Bc1 Be7 22. Kf2 b5 23. Bd3 b4 24. b3 Na5 25. cxb4 Bxb4 26. Be3 Ba3 27. Bc1 Be7
28. Bb2 Rab8 29. Rab1 Nc6 30. Rbc1 Bg5 31. Rc5 Nb4 32. Bb1 Be7 33. Rxc8 Rxc8
34. Rc1 Rxc1 35. Bxc1 Nc6 36. Bb2 Bf6 37. Ke3 g5 38. Bd3 Nb4 39. Bb1 Nc6 40. a3
Na5 41. Bc2 Bd8 42. Kd3 Bc7 43. Bc3 Bb6 44. Bd1 f6 45. b4 Nc4 46. a4 a5 47. Bb3
axb4 48. Bxb4 Na5 49. Bd1 Nc6 50. Bc3 Na5 51. Be2 Nb3 52. Bb2 Na5 53. Ke3 Nb3
54. Bb5+ Ke7 55. Kd3 Kd8 56. Bc3 Kc7 57. Be8 Kd8 58. Bb5 Kc7 59. Be8 Kd8 60.
Bg6 Kd7 61. Bb2 Kd8 62. Bh5 Kd7 63. Bf7 Ba7 64. Bc3 Bb6 65. Bg8 Ke7 66. Bb4+
Kd7 67. Bf8 g6 68. Bf7 Nxd4 69. a5 Ba7 70. f4 gxf4 71. Bxg6 f3 72. Ke3 Nf5+ 73.
Kxf3 Nh4+ 74. Kg3 Nxg6 75. Bb4 Bb8+ 76. Kf3 Kc6 77. Be1 Ne5+ 78. Ke3 Ba7+ 79.
Ke2 d4 80. Bh4 f5 81. gxf5 exf5 82. Bf6 Kd5 83. h4 Ke4 84. h5 d3+ 85. Kd1 Ng4
86. Bg5 f4 87. h6 Nf2+ 0-1

[Event "CYCC U16"]
[Site "Windsor CAN"]
[Date "2010.07.08"]
[Round "6"]
[White "Gladstone, Simon"]
[Black "Kraiouchkine, Nikita"]
[Result "0-1"]
[WhiteElo "1946"]
[BlackElo "2278"]
[PlyCount "86"]
[EventDate "2010.07.06"]
[EventType "swiss"]
[EventRounds "7"]
[EventCountry "CAN"]

1. e4 e5 2. Nf3 Nf6 3. Nc3 Bb4 4. Bc4 Nc6 5. O-O d6 6. d3 Bg4 7. Be3 Na5 8. Bb3
O-O 9. a3 Nxb3 10. cxb3 Bc5 11. Bxc5 dxc5 12. Rc1 b6 13. h3 Bh5 14. Re1 Bxf3
15. Qxf3 Qd6 16. Nb5 Qd7 17. a4 a6 18. Na3 Qd4 19. Qe2 Rfd8 20. Rc3 Nd7 21. Nc2
Qd6 22. Ne3 Nf8 23. Nf5 Qd7 24. Qg4 g6 25. Nh6+ Kg7 26. Qg5 f6 27. Qh4 Ne6 28.
Re3 Nd4 29. Ng4 Rf8 30. Kf1 h5 31. Nh2 Rh8 32. Nf3 Qf7 33. Qg3 Nxb3 34. Nxe5
fxe5 35. Qxe5+ Kh7 36. Rxb3 Qxb3 37. Qxc7+ Kg8 38. Qc6 Kg7 39. Qc7+ Qf7 40.
Qe5+ Kh7 41. Rf3 Qg7 42. Qe6 Rhf8 43. Re3 Qxb2 0-1

[Event "CYCC U16"]
[Site "Windsor CAN"]
[Date "2010.07.09"]
[Round "7"]
[White "Kraiouchkine, Nikita"]
[Black "Calugar, Arthur"]
[Result "1-0"]
[WhiteElo "2278"]
[BlackElo "2358"]
[PlyCount "79"]
[EventDate "2010.07.06"]
[EventType "swiss"]
[EventRounds "7"]
[EventCountry "CAN"]

1. e4 c5 2. Nf3 Nc6 3. d4 cxd4 4. Nxd4 Qc7 5. Nc3 e6 6. Be3 a6 7. Qd2 Nf6 8.
O-O-O Be7 9. f4 b5 10. Bd3 b4 11. Nce2 Na5 12. Ng3 Nc4 13. Bxc4 Qxc4 14. Kb1
Bb7 15. Qd3 Qc7 16. e5 Nd5 17. Ne4 O-O 18. Nf3 Nxe3 19. Qxe3 Bd5 20. Qd3 f5 21.
exf6 gxf6 22. f5 a5 23. g4 Rac8 24. g5 Qc4 25. gxf6 Qxa2+ 26. Kc1 Rxf6 27.
Rhg1+ Kf8 28. fxe6 dxe6 29. Nxf6 Bxf6 30. Nd4 b3 31. Rdf1 Rxc2+ 32. Nxc2 Qxb2+
33. Kd2 bxc2 34. Rxf6+ Ke7 35. Rf7+ Kd6 36. Qa6+ Bc6 37. Qd3+ Bd5 38. Rc1 Qb4+
39. Qc3 Qb6 40. Rxc2 1-0

[Event "Eastern Ontairo op"]
[Site "Ottawa CAN"]
[Date "2010.06.12"]
[Round "3"]
[White "Kraiouchkine, Nikita"]
[Black "Plotkin, Victor"]
[Result "1/2-1/2"]
[WhiteElo "2276"]
[BlackElo "2424"]
[PlyCount "101"]
[EventDate "2010.06.11"]
[EventType "swiss"]
[EventRounds "5"]
[EventCountry "CAN"]

1. e4 e5 2. Nf3 Nf6 3. Nc3 Bb4 4. Nxe5 O-O 5. Bc4 Qe7 6. Nf3 Bxc3 7. dxc3 Qxe4+
8. Qe2 Qxe2+ 9. Bxe2 Re8 10. Bg5 Ne4 11. Be3 d6 12. O-O Bg4 13. Rfe1 Nc6 14. h3
Bf5 15. Nd4 Nxd4 16. cxd4 d5 17. Bf4 c6 18. f3 Nf6 19. c3 h6 20. Kf2 Re7 21.
Bf1 Rae8 22. Rxe7 Rxe7 23. Re1 Rxe1 24. Kxe1 Bb1 25. a3 Kf8 26. Kd2 Ne8 27. b3
Ke7 28. a4 Nd6 29. g4 g5 30. Bg3 Bg6 31. c4 dxc4 32. bxc4 f5 33. Be5 fxg4 34.
hxg4 h5 35. c5 Nf7 36. Bb8 hxg4 37. fxg4 a6 38. Be2 Nh6 39. Ke3 Bf7 40. Kf2 Be6
41. Kg3 Ng8 42. Be5 Kf7 43. Bf3 Ne7 44. Bd6 Nd5 45. Bxd5 Bxd5 46. a5 Bb3 47.
Be5 Bd1 48. Bd6 Ke6 49. Be5 Kd5 50. Bf6 Ke4 51. Be5 1/2-1/2

[Event "Eastern Ontairo op"]
[Site "Ottawa CAN"]
[Date "2010.06.13"]
[Round "5"]
[White "Kraiouchkine, Nikita"]
[Black "Marinkovic, Mate"]
[Result "1/2-1/2"]
[WhiteElo "2276"]
[BlackElo "2211"]
[PlyCount "34"]
[EventDate "2010.06.11"]
[EventType "swiss"]
[EventRounds "5"]
[EventCountry "CAN"]

1. e4 c5 2. Nf3 e6 3. d4 cxd4 4. Nxd4 Nc6 5. Nc3 Qc7 6. Be3 a6 7. Qd2 Nf6 8. f3
Bb4 9. g4 h6 10. a3 Be7 11. Rd1 b5 12. Nxc6 dxc6 13. Qf2 c5 14. Bg2 Bb7 15. Ne2
Bd6 16. h3 Rc8 17. O-O O-O 1/2-1/2

[Event "Sherbrooke op"]
[Site "Sherbrooke CAN"]
[Date "2010.05.28"]
[Round "1"]
[White "Leclerc, Luc-Olivier"]
[Black "Kraiouchkine, Nikita"]
[Result "0-1"]
[WhiteElo "1767"]
[BlackElo "2208"]
[PlyCount "66"]
[EventDate "2010.05.28"]
[EventType "swiss"]
[EventRounds "5"]
[EventCountry "CAN"]

1. f4 d5 2. Nf3 Nf6 3. e3 c6 4. Be2 Qc7 5. O-O Bg4 6. Ne5 Bxe2 7. Qxe2 Nbd7 8.
d4 Ne4 9. Nd2 Ndf6 10. Ndf3 e6 11. Ng5 Nd6 12. c4 h6 13. Ngf3 Nde4 14. Bd2 Be7
15. Rfc1 O-O 16. b4 Qb6 17. c5 Qc7 18. a4 a6 19. Rcb1 b5 20. cxb6 Qxb6 21. Rb2
c5 22. dxc5 Bxc5 23. Nd3 Be7 24. Rc1 Rfc8 25. Rbc2 Nd6 26. Nde5 Rxc2 27. Rxc2
Rc8 28. Rxc8+ Nxc8 29. b5 axb5 30. axb5 Bc5 31. Nc6 Na7 32. Nfd4 Nxc6 33. Nxc6
Ne4 0-1

[Event "Sherbrooke op"]
[Site "Sherbrooke CAN"]
[Date "2010.05.29"]
[Round "2"]
[White "Kraiouchkine, Nikita"]
[Black "Ah-Lan, Kenny"]
[Result "0-1"]
[WhiteElo "2208"]
[BlackElo "2008"]
[PlyCount "112"]
[EventDate "2010.05.28"]
[EventType "swiss"]
[EventRounds "5"]
[EventCountry "CAN"]

1. e4 c5 2. Nf3 Nc6 3. d4 cxd4 4. Nxd4 Nf6 5. Nc3 e5 6. Ndb5 d6 7. Bg5 a6 8.
Na3 b5 9. Nd5 Be7 10. Bxf6 Bxf6 11. c3 O-O 12. Nc2 Bg5 13. a4 bxa4 14. Rxa4 a5
15. b4 Be6 16. b5 Ne7 17. Bc4 Nxd5 18. Bxd5 Bxd5 19. Qxd5 Rc8 20. Qd3 f5 21.
exf5 d5 22. O-O Rc4 23. Rfa1 e4 24. Qe2 Rxc3 25. Nd4 Qc8 26. Rd1 Rc1 27. Rxa5
Qc3 28. Ra4 e3 29. f4 Rxd1+ 30. Qxd1 Qd2 31. Qf1 Bf6 32. Nf3 Qb2 33. g3 Rc8 34.
b6 Qxb6 35. Qe2 Qb1+ 36. Ne1 Bc3 37. Qxe3 Qxe1+ 38. Qxe1 Bxe1 39. Kf1 Bc3 40.
Ke2 d4 41. Kd3 h5 42. Ra6 Kf8 43. Ke4 Re8+ 44. Kd3 Kf7 45. Rg6 Re3+ 46. Kc4 Bb2
47. Rd6 Ke7 48. Rb6 Rc3+ 49. Kd5 Rc2 50. Ke4 Re2+ 51. Kd3 Rxh2 52. Rg6 Kf7 53.
Rg5 h4 54. gxh4 Rxh4 55. Ke4 Bc1 56. Kxd4 Rxf4+ 0-1

[Event "Sherbrooke op"]
[Site "Sherbrooke CAN"]
[Date "2010.05.29"]
[Round "3"]
[White "Poulin, Mathieu"]
[Black "Kraiouchkine, Nikita"]
[Result "1-0"]
[WhiteElo "2004"]
[BlackElo "2208"]
[PlyCount "145"]
[EventDate "2010.05.28"]
[EventType "swiss"]
[EventRounds "5"]
[EventCountry "CAN"]

1. d4 d5 2. c4 c6 3. Nc3 Nf6 4. e3 g6 5. Bd3 Bg7 6. Nge2 O-O 7. O-O Nbd7 8.
cxd5 cxd5 9. Bd2 e5 10. Rc1 b6 11. Nb5 a5 12. Qb3 e4 13. Bb1 Bb7 14. Nd6 Ba6
15. Rfe1 Ng4 16. Nf4 Qh4 17. Nh3 Qh5 18. Rc7 Rfd8 19. Rec1 Nde5 20. Bxe4 Rxd6
21. Bxd5 a4 22. Bxf7+ Kh8 23. Qd1 Nd3 24. f3 Nh6 25. R1c2 Nxf7 26. Rxf7 Rf8 27.
Ra7 Qb5 28. Rcc7 Bf6 29. Rxh7+ Kg8 30. b3 axb3 31. Qxb3+ Qxb3 32. axb3 Bb5 33.
Nf2 Rc8 34. Ne4 Rdc6 35. Nxf6+ Rxf6 36. Rag7+ Kf8 37. Rh8+ Kxg7 38. Rxc8 Rf7
39. h4 Ra7 40. Rb8 Ra1+ 41. Kh2 Ra2 42. Bc3 Rc2 43. Rxb6 Rxc3 44. Rxb5 Ne1 45.
Kh3 Rxe3 46. Re5 Nxg2 47. Kxg2 Rxb3 48. Kg3 Rd3 49. Rd5 Kf6 50. Kf4 Rd1 51.
Rd6+ Ke7 52. Rxg6 Rxd4+ 53. Kg3 Kf7 54. Ra6 Kg7 55. h5 Rb4 56. f4 Rb5 57. Kg4
Rc5 58. Re6 Kf7 59. Re5 Rc1 60. Ra5 Kf6 61. Ra6+ Kf7 62. Kg5 Rg1+ 63. Kf5 Rf1
64. Ra7+ Kf8 65. Kg5 Rb1 66. f5 Rb6 67. f6 Rb1 68. h6 Rg1+ 69. Kf5 Rf1+ 70. Ke5
Re1+ 71. Kd4 Rd1+ 72. Ke3 Kg8 73. f7+ 1-0